000 00794nam a22002411u 4500
001 06037
003 HDC
007 cr bn ---aaaaa
008 210122p2017 | d 00 engg
040 _aHDC
245 4 _aTHE GLOBAL FOOD & BEVERAGE MARKET-What's on the Menu?
260 _a[no place] :
_b[publisher not identified],
_c2017
300 _a 1 online resource (38 pages)
336 _atext
_2rdacontent
337 _acomputer
_2rdamedia
338 _aonline resource
_2rdacarrier
650 _afinance
_9103
650 _aGlobal food
_94183
856 _zRequest full-text at [email protected]
942 _2lcc
942 _cEIS
942 _kREPT-2017-000250
999 _c3361
_d3361